| 000 | 01852cam a2200457 i 4500 | ||
|---|---|---|---|
| 001 | 200443615 | ||
| 003 | TR-AnTOB | ||
| 005 | 20251230145710.0 | ||
| 007 | ta | ||
| 008 | 920615s1992 sz i100 0 eng d | ||
| 020 | _a9221079678 (report IV (1)) | ||
| 020 | _a9221079686 (report IV (2A)) | ||
| 020 | _a9789221079682 | ||
| 035 | _a(OCoLC)26018152 | ||
| 035 | _aucoclc26018152 | ||
| 035 | _a2781613 | ||
| 035 | _a(TR-AnTOB)200443615 | ||
| 040 |
_aULL _beng _erda _cULL _dOCL _dYDXCP _dCUY _dOCLCQ _dOCLCF _dOCLCQ _dOCLCO _dOCL _dOCLCO _dTR-AnTOB |
||
| 041 | 0 | _aeng | |
| 050 | 1 | 4 |
_aK1875 _b.P76 1992 |
| 090 |
_aTOBBK K1875 _b.P76 1992 |
||
| 245 | 0 | 0 |
_aProtection of workers' claims in the event of the insolvency of their employer : _breport IV / |
| 264 | 1 |
_aGeneva : _bInternational Labour Office, _c1992. |
|
| 300 |
_avolumes ; _c24 cm |
||
| 336 |
_atext _btxt _2rdacontent |
||
| 337 |
_aunmediated _bn _2rdamedia |
||
| 338 |
_avolume _bnc _2rdacarrier |
||
| 490 | 0 |
_aReport / International Labour Conference ; _v79th session, IV (1) _v79th session, IV (2A) |
|
| 500 | _aFourth item on the agenda. | ||
| 650 | 0 |
_aWorkers' compensation _xLaw and legislation _vCongresses _9132628 |
|
| 650 | 0 |
_aBankruptcy _vCongresses _9132629 |
|
| 650 | 0 |
_aEmployees _xProtection _vCongresses _9132630 |
|
| 650 | 0 |
_aLabor laws and legislation _vCongresses _919228 |
|
| 655 | 7 |
_aConference papers and proceedings _2lcgft _0(OCoLC)fst01423772 _9115100 |
|
| 710 | 2 |
_aInternational Labour Office _927101 |
|
| 711 | 2 |
_aInternational Labour Conference _n(79th : _d1992 : _cGeneva, Switzerland) _9131706 |
|
| 776 | 0 | 8 |
_iOnline version: _tProtection of workers' claims in the event of the insolvency of their employer. _dGeneva : International Labour Office, 1992 _w(OCoLC)644068584 |
| 942 |
_2z _cBK |
||
| 999 |
_c200443615 _d61827 |
||